000 00492cam a2200217ua 4500
020 _c80.00 (PB)
041 _aeng
_h
082 _a658.4034
_bKAP/OP
100 _aKapoor, V K .
_95995
245 _aOperations research /
_cV K Kapoor.
_hTextual Documents
250 _a5 /
_b.
260 _aIndia :
_bSultan Chand & Sons ,
_c1995.
300 _a793 ; .
365 _a80.00
504 _a
942 _cBK
999 _c92
_d92
003 @
003 OSt